000 00693nam a2200289Ia 4500
005 20260324134121.0
008 008 260324s9999 xx 000 0 eng d
020 _a9780203760918
037 _aEBOOK
040 _aCRL
040 _beng
040 _cCRL
041 _2eng
041 _aeng
084 _qCRL
100 _aJoyce Goodman; Jane Martin
_91195632
245 0 _aGender, Colonialism and Education
245 3 _bAn International Perspective
260 _bTaylor and Francis
260 _c2002
365 _a
365 _b230
856 _uhttp://www.taylorfrancis.com/books/9780203760918
942 _cEBOOK
999 _c1795360
_d1795360